000 00254nam a22001217a 4500
008 170310b xxu||||| |||| 00| 0 eng d
041 _aeng
080 _a616.5
100 _a7
101 _aSHM
245 _aGRTMATOLOGY
_cBLUEFARB.S.M
942 _2udc
_cBK
999 _c7478
_d7478